Broadway Opening Numbers - Statistics

General Stats
  • This quiz has been taken 132 times
  • The average score is 12 of 25
Answer Stats
Muscial Answer % Correct
Hamilton Alexander Hamilton
91%
Lion King Circle of Life
82%
Hairspray Good Morning Baltimore
79%
Six Ex-Wives
74%
Wicked No One Mourns the Wicked
74%
Chicago All that Jazz
66%
The Book of Mormon Hello
64%
In the Heights In the Heights
62%
Heathers: The Musical Beautiful
52%
Cabaret Willkommen
52%
A Chorus Line I Hope I Get it
50%
Waitress Opening Up
49%
Dear Evan Hansen Anybody Have a Map?
48%
Legally Blonde Omigod You Guys
45%
Rent Rent
44%
Tick Tick Boom 30/90
40%
Oklahoma Oh What a Beautiful Morning
40%
Hadestown Road to Hell
36%
Fiddler on the Roof Tradition
34%
Come From Away Welcome to the Rock
31%
Pippin Magic to Do
30%
Shucked Corn
23%
Hair Aquarius
20%
Catch Me if you Can Live in Living Color
18%
Ragtime Prologue
8%
No matching quizzes found
Score Distribution
Percent of People with Each Score
Percentile by Number Answered
Your Score History
You have not taken this quiz